Tesoros humanos vivos
Guardat en:
| Autor corporatiu: | |
|---|---|
| Format: | Llibre |
| Idioma: | espanyol |
| Publicat: |
Valparaíso
Consejo Nacional de la Cultura y las Artes
2012
|
| Edició: | 1a. ed |
| Col·lecció: | Patrimonio Cultural Inmaterial
|
| Matèries: | |
| Etiquetes: |
Afegir etiqueta
Sense etiquetes, Sigues el primer a etiquetar aquest registre!
|
MARC
| LEADER | 00000cam a2200000 a 4500 | ||
|---|---|---|---|
| 001 | UCF1608 | ||
| 003 | CL-VaPUC | ||
| 008 | 120711e20120300CL |||||||||||||||||spa|d | ||
| 020 | |a 9789568327958 | ||
| 082 | 0 | 4 | |a 306 |b CON |2 21 |
| 110 | 2 | |a Consejo Nacional de la Cultura y las Artes |e author |9 563080 | |
| 245 | 1 | 0 | |a Tesoros humanos vivos |
| 250 | |a 1a. ed | ||
| 300 | |a 187 p | ||
| 942 | |c BK | ||
| 945 | |d 20120711 00:00:00 |a dcastane | ||
| 260 | |a Valparaíso |b Consejo Nacional de la Cultura y las Artes |c 2012 | ||
| 650 | 7 | |a CULTURA E INSTITUCIONES |2 CL-VaPUC |9 563081 | |
| 650 | 0 | |a Patrimonio cultural |9 309364 | |
| 650 | 0 | |a Identidad cultural |9 319131 | |
| 583 | |a last modification |c 20130327 01:11:43 |k Rodrigo Vera | ||
| 490 | 0 | |a Patrimonio Cultural Inmaterial | |
| 999 | |c 348308 |d 348306 | ||
| 952 | |0 0 |1 0 |4 0 |6 306_000000000000000_CON_2012 |7 0 |8 C |9 450276 |a BIBCUR |b BIBCUR |d 2019-11-22 |i 4871952 |l 1 |o 306 CON 2012 |p 4871952 |r 2025-04-22 |s 2024-05-29 |w 2019-11-22 |y BK |k CAC | ||
| 952 | |0 0 |1 0 |4 0 |6 306_000000000000000_CON_2012 |7 0 |8 A |9 450277 |a BIBING |b BIBING |d 2019-11-22 |i 4874641 |l 1 |o 306 CON 2012 |p 4874641 |r 2025-04-15 |s 2025-03-14 |w 2019-11-22 |y BK |k CUI | ||
| 952 | |0 0 |1 0 |4 0 |6 306_000000000000000_CON_2012 |7 0 |8 X |9 450278 |a FDOMLP |b FDOMLP |d 2019-11-22 |i 4881249 |o 306 CON 2012 |p 4881249 |r 2019-11-22 |w 2019-11-22 |y BK_X |k BUD | ||